PRINCIPLES OF ELECTRONICS (Record no. 29701)

000 -LEADER
fixed length control field 00284nam a2200121Ia 4500
008 - FIXED-LENGTH DATA ELEMENTS--GENERAL INFORMATION
fixed length control field 200615s9999||||xx |||||||||||||| ||und||
082 ## - DEWEY DECIMAL CLASSIFICATION NUMBER
Classification number 537.5
Item number PRI-M
100 ## - MAIN ENTRY--PERSONAL NAME
Personal name MEHTA,VK
245 #0 - TITLE STATEMENT
Title PRINCIPLES OF ELECTRONICS
250 ## - EDITION STATEMENT
Edition statement 2ND
260 ## - PUBLICATION, DISTRIBUTION, ETC.
Place of publication, distribution, etc. New Delhi
Name of publisher, distributor, etc. S.CHAND
Date of publication, distribution, etc. 2018
942 ## - ADDED ENTRY ELEMENTS (KOHA)
Koha item type Book
Holdings
Withdrawn status Lost status Damaged status Not for loan Collection code Permanent Location Current Location Shelving location Date acquired Total Checkouts Full call number Barcode Date last seen Date last checked out Price effective from Koha item type
        School of Engineering Maharishi School of Engineering & Technology (Lucknow) Maharishi School of Engineering & Technology (Lucknow) R24S4 2020-06-15 3 621 SOE03055 2025-11-17 2025-11-01 2020-06-15 Book

All Rights Reserved@MUIT

Powered by Koha